| 000 | 00395nam a2200181Ia 4500 | ||
|---|---|---|---|
| 001 | 10077 | ||
| 005 | 20260306161805.0 | ||
| 008 | 260306t1993||||xx |||||||||||||| ||spa|| | ||
| 041 | _aESP | ||
| 082 |
_a880.1 _bP68 |
||
| 100 |
_aPlutarco _eAUT |
||
| 245 | 0 | _aVidas paralelas texto impreso | |
| 260 | _c1993 | ||
| 300 |
_a _c |
||
| 650 | _aGEN | ||
| 654 | _aCHU | ||
| 942 |
_cLIB _dJUS _fJUS _2ddc _n |
||
| 999 |
_c10077 _d10077 |
||